Yorkshire's top chartered surveyors (Record no. 65907)

MARC details
000 -LEADER
fixed length control field 00641cam a2200181 4500
001 - CONTROL NUMBER
control field WB3704-26
008 - FIXED-LENGTH DATA ELEMENTS--GENERAL INFORMATION
fixed length control field 000000n2001 000 0 eng u
035 ## - SYSTEM CONTROL NUMBER
System control number (Sirsi) u110565
245 ## - TITLE STATEMENT
Title Yorkshire's top chartered surveyors
260 ## - PUBLICATION, DISTRIBUTION, ETC.
Date of publication, distribution, etc. 2001
490 ## - SERIES STATEMENT
Series statement Yorkshire Post
Volume/sequential designation 25 January 2001 Loan
520 ## - SUMMARY, ETC.
Summary, etc. Survey by the Yorkshire Post on the top chartered surveyors in Yorkshire. Includes articles on the work and role of chartered surveyors in the area and in general.
590 ## - LOCAL NOTE (RLIN)
Local note WB
650 ## - SUBJECT ADDED ENTRY--TOPICAL TERM
Topical term or geographic name entry element ABOUT RICS-RICS MEMBERS
650 ## - SUBJECT ADDED ENTRY--TOPICAL TERM
Topical term or geographic name entry element YORKSHIRE
690 ## - LOCAL SUBJECT ADDED ENTRY--TOPICAL TERM (OCLC, RLIN)
Topical term or geographic name as entry element MANAGEMENT-BUSINESS MANAGEMENT-PROFESSIONAL PRACTICE
942 ## - ADDED ENTRY ELEMENTS (KOHA)
Suppress in OPAC 0
Holdings
Withdrawn status Lost status Source of classification or shelving scheme Damaged status Not for loan Home library Current library Shelving location Date acquired Total Checkouts Full call number Barcode Date last seen Date last checked out Copy number Price effective from Koha item type
    Dewey Decimal Classification     London London News article 25/01/2001 3 WB3704-26 30062646 06/08/2019 02/05/2001 1 06/08/2019 News article